<?xml version="1.0" encoding="UTF-8"?>
<record
    xmlns:xsi="http://www.w3.org/2001/XMLSchema-instance"
    xsi:schemaLocation="http://www.loc.gov/MARC21/slim http://www.loc.gov/standards/marcxml/schema/MARC21slim.xsd"
    xmlns="http://www.loc.gov/MARC21/slim">

  <leader>02749cam a22004091ia4500</leader>
  <controlfield tag="003">SA-RiAUC</controlfield>
  <controlfield tag="005">20250613132148.0</controlfield>
  <controlfield tag="008">250613s2015____su a   g be   000 0 ara c</controlfield>
  <datafield tag="020" ind1=" " ind2=" ">
    <subfield code="z">978603013940</subfield>
  </datafield>
  <datafield tag="020" ind1=" " ind2=" ">
    <subfield code="a">9786030139408 (&#x645;&#x62C;&#x645;&#x648;&#x639;&#x629;)</subfield>
  </datafield>
  <datafield tag="020" ind1=" " ind2=" ">
    <subfield code="a">9786030139415 (&#x645;&#x62C;. 1)</subfield>
  </datafield>
  <datafield tag="020" ind1=" " ind2=" ">
    <subfield code="a">9786030139422 (&#x645;&#x62C;. 2)</subfield>
  </datafield>
  <datafield tag="020" ind1=" " ind2=" ">
    <subfield code="a">9786030139439 (&#x645;&#x62C;. 3)</subfield>
  </datafield>
  <datafield tag="020" ind1=" " ind2=" ">
    <subfield code="a">9786030139446 (&#x645;&#x62C;. 4)</subfield>
  </datafield>
  <datafield tag="020" ind1=" " ind2=" ">
    <subfield code="a">9786030139453 (&#x645;&#x62C;. 5)</subfield>
  </datafield>
  <datafield tag="020" ind1=" " ind2=" ">
    <subfield code="a">9786030139460 (&#x645;&#x62C;. 6)</subfield>
  </datafield>
  <datafield tag="020" ind1=" " ind2=" ">
    <subfield code="a">9786030139477 (&#x645;&#x62C;. 7)</subfield>
  </datafield>
  <datafield tag="020" ind1=" " ind2=" ">
    <subfield code="a">9786030139484 (&#x645;&#x62C;. 8)</subfield>
  </datafield>
  <datafield tag="020" ind1=" " ind2=" ">
    <subfield code="a">9786030139491 (&#x645;&#x62C;. 9)</subfield>
  </datafield>
  <datafield tag="040" ind1=" " ind2=" ">
    <subfield code="a">SA-MaHRM</subfield>
    <subfield code="b">ara</subfield>
    <subfield code="c">SA-RiAUC</subfield>
    <subfield code="e">rda</subfield>
  </datafield>
  <datafield tag="043" ind1=" " ind2=" ">
    <subfield code="a">a-su---</subfield>
  </datafield>
  <datafield tag="082" ind1="0" ind2="4">
    <subfield code="a">390.0095312103</subfield>
    <subfield code="q">SA-RiAUC</subfield>
  </datafield>
  <datafield tag="090" ind1=" " ind2=" ">
    <subfield code="a">390.0095312103 </subfield>
    <subfield code="b">   &#x643; &#x62A; &#x628;</subfield>
  </datafield>
  <datafield tag="100" ind1="1" ind2=" ">
    <subfield code="a">&#x643;&#x62A;&#x628;&#x62E;&#x627;&#x646;&#x629;&#x60C; &#x625;&#x633;&#x645;&#x627;&#x639;&#x64A;&#x644; &#x628;&#x646; &#x62E;&#x644;&#x64A;&#x644; &#x625;&#x633;&#x645;&#x627;&#x639;&#x64A;&#x644;</subfield>
    <subfield code="e">&#x645;&#x624;&#x644;&#x641;.</subfield>
  </datafield>
  <datafield tag="245" ind1="1" ind2="0">
    <subfield code="a">&#x645;&#x648;&#x633;&#x648;&#x639;&#x629; &#x62B;&#x642;&#x627;&#x641;&#x629; &#x627;&#x644;&#x645;&#x62C;&#x62A;&#x645;&#x639; &#x627;&#x644;&#x645;&#x643;&#x64A; &#x62E;&#x644;&#x627;&#x644; &#x646;&#x62D;&#x648; &#x642;&#x631;&#x646; &#x648;&#x646;&#x635;&#x641; &#x627;&#x644;&#x642;&#x631;&#x646; (1300 &#x647;&#x640;.-1436 &#x647;&#x640;.) /</subfield>
    <subfield code="c">&#x62A;&#x623;&#x644;&#x64A;&#x641; &#x625;&#x633;&#x645;&#x627;&#x639;&#x64A;&#x644; &#x628;&#x646; &#x627;&#x644;&#x633;&#x64A;&#x62F; &#x62E;&#x644;&#x64A;&#x644; &#x628;&#x646; &#x625;&#x633;&#x645;&#x627;&#x639;&#x64A;&#x644; &#x643;&#x62A;&#x628;&#x62E;&#x627;&#x646;&#x629;.</subfield>
  </datafield>
  <datafield tag="250" ind1=" " ind2=" ">
    <subfield code="a">&#x627;&#x644;&#x637;&#x628;&#x639;&#x629; &#x627;&#x644;&#x623;&#x648;&#x644;&#x649;.</subfield>
  </datafield>
  <datafield tag="264" ind1=" " ind2="1">
    <subfield code="a">&#x62C;&#x62F;&#x629;&#x60C; &#x627;&#x644;&#x633;&#x639;&#x648;&#x62F;&#x64A;&#x629; :</subfield>
    <subfield code="b">&#x625;&#x633;&#x645;&#x627;&#x639;&#x64A;&#x644; &#x628;&#x646; &#x62E;&#x644;&#x64A;&#x644; &#x625;&#x633;&#x645;&#x627;&#x639;&#x64A;&#x644; &#x643;&#x62A;&#x628;&#x62E;&#x627;&#x646;&#x629;&#x60C;</subfield>
    <subfield code="c">2015</subfield>
  </datafield>
  <datafield tag="300" ind1=" " ind2=" ">
    <subfield code="a">9 &#x645;&#x62C;&#x644;&#x62F; :</subfield>
    <subfield code="b">&#x625;&#x64A;&#x636;&#x627;&#x62D;&#x64A;&#x627;&#x62A; &#x61B;</subfield>
    <subfield code="c">24 &#x633;&#x645;</subfield>
  </datafield>
  <datafield tag="336" ind1=" " ind2=" ">
    <subfield code="a">&#x646;&#x635;</subfield>
    <subfield code="b">txt</subfield>
    <subfield code="2">rdacontent</subfield>
    <subfield code="3">&#x643;&#x62A;&#x627;&#x628;</subfield>
  </datafield>
  <datafield tag="337" ind1=" " ind2=" ">
    <subfield code="a">&#x628;&#x62F;&#x648;&#x646; &#x648;&#x633;&#x64A;&#x637;</subfield>
    <subfield code="b">n</subfield>
    <subfield code="2">rdamedia</subfield>
  </datafield>
  <datafield tag="338" ind1=" " ind2=" ">
    <subfield code="a">&#x645;&#x62C;&#x644;&#x62F;</subfield>
    <subfield code="b">nc</subfield>
    <subfield code="2">rdacarrier</subfield>
  </datafield>
  <datafield tag="504" ind1=" " ind2=" ">
    <subfield code="a">&#x64A;&#x634;&#x62A;&#x645;&#x644; &#x639;&#x644;&#x649; &#x625;&#x631;&#x62C;&#x627;&#x639;&#x627;&#x62A; &#x628;&#x628;&#x644;&#x64A;&#x648;&#x62C;&#x631;&#x627;&#x641;&#x64A;&#x629;.</subfield>
  </datafield>
  <datafield tag="505" ind1="0" ind2=" ">
    <subfield code="a">&#x627;&#x644;&#x645;&#x62D;&#x62A;&#x648;&#x64A;&#x627;&#x62A; : &#x645;&#x62C;&#x644;&#x62F; 1. &#x645;&#x62F;&#x62E;&#x644; &#x639;&#x646; &#x627;&#x644;&#x62B;&#x642;&#x627;&#x641;&#x629; &#x648;&#x635;&#x641;&#x62D;&#x627;&#x62A; &#x639;&#x646; &#x645;&#x643;&#x629; &#x627;&#x644;&#x645;&#x643;&#x631;&#x645;&#x629; &#x648;&#x627;&#x644;&#x62D;&#x631;&#x645; &#x627;&#x644;&#x634;&#x631;&#x64A;&#x641; &#x648;&#x627;&#x644;&#x645;&#x633;&#x627;&#x62C;&#x62F;- &#x645;&#x62C;&#x644;&#x62F; 2. &#x62D;&#x627;&#x631;&#x627;&#x62A; &#x648;&#x628;&#x64A;&#x648;&#x62A; &#x645;&#x643;&#x629; &#x627;&#x644;&#x645;&#x643;&#x631;&#x645;&#x629; &#x648;&#x62A;&#x637;&#x648;&#x631; &#x627;&#x644;&#x639;&#x645;&#x631;&#x627;&#x646; &#x641;&#x64A;&#x647;&#x627;- &#x645;&#x62C;&#x644;&#x62F; 3. &#x627;&#x644;&#x623;&#x633;&#x648;&#x627;&#x642; &#x648;&#x627;&#x644;&#x645;&#x647;&#x646; &#x627;&#x644;&#x62A;&#x642;&#x644;&#x64A;&#x62F;&#x64A;&#x629; &#x648;&#x627;&#x644;&#x635;&#x646;&#x627;&#x639;&#x627;&#x62A; &#x627;&#x644;&#x62D;&#x631;&#x641;&#x64A;&#x629; &#x628;&#x645;&#x643;&#x629; &#x627;&#x644;&#x645;&#x643;&#x631;&#x645;&#x629;- &#x645;&#x62C;&#x644;&#x62F; 4. &#x645;&#x638;&#x627;&#x647;&#x631;&#x60C; &#x648;&#x639;&#x627;&#x62F;&#x627;&#x62A;&#x60C; &#x648;&#x62A;&#x642;&#x627;&#x644;&#x64A;&#x62F; &#x645;&#x643;&#x64A;&#x629; &#x645;&#x631;&#x62A;&#x628;&#x637;&#x629; &#x628;&#x627;&#x644;&#x645;&#x644;&#x628;&#x633;&#x60C; &#x648;&#x627;&#x644;&#x623;&#x637;&#x639;&#x645;&#x629;&#x60C; &#x648;&#x627;&#x644;&#x623;&#x644;&#x639;&#x627;&#x628;&#x60C; &#x648;&#x627;&#x644;&#x627;&#x62D;&#x62A;&#x641;&#x627;&#x644;&#x627;&#x62A;&#x60C; &#x648;&#x627;&#x644;&#x645;&#x646;&#x627;&#x633;&#x628;&#x627;&#x62A;&#x60C; &#x648;&#x627;&#x644;&#x623;&#x633;&#x631;&#x629;- &#x645;&#x62C;&#x644;&#x62F; 5. &#x627;&#x644;&#x62A;&#x639;&#x644;&#x64A;&#x645; &#x648;&#x627;&#x644;&#x645;&#x643;&#x62A;&#x628;&#x627;&#x62A;- &#x645;&#x62C;&#x644;&#x62F; 6. &#x627;&#x644;&#x623;&#x628;&#x639;&#x627;&#x62F; &#x627;&#x644;&#x62B;&#x642;&#x627;&#x641;&#x64A;&#x629; &#x648;&#x627;&#x644;&#x625;&#x639;&#x644;&#x627;&#x645;&#x64A;&#x629; &#x648;&#x627;&#x644;&#x639;&#x644;&#x645;&#x64A;&#x629; &#x628;&#x645;&#x643;&#x629; &#x627;&#x644;&#x645;&#x643;&#x631;&#x645;&#x629;- &#x645;&#x62C;&#x644;&#x62F; 7. &#x627;&#x644;&#x623;&#x62F;&#x628;&#x60C; &#x648;&#x627;&#x644;&#x623;&#x645;&#x62B;&#x627;&#x644;&#x60C; &#x648;&#x627;&#x644;&#x641;&#x646;&#x648;&#x646; &#x627;&#x644;&#x634;&#x639;&#x628;&#x64A;&#x629;- &#x645;&#x62C;&#x644;&#x62F; 8. &#x627;&#x644;&#x62A;&#x646;&#x638;&#x64A;&#x645;&#x627;&#x62A; &#x644;&#x644;&#x642;&#x637;&#x627;&#x639;&#x627;&#x62A; &#x627;&#x644;&#x62D;&#x643;&#x648;&#x645;&#x64A;&#x629; &#x648;&#x627;&#x644;&#x623;&#x647;&#x644;&#x64A;&#x629; &#x648;&#x627;&#x644;&#x62E;&#x64A;&#x631;&#x64A;&#x629; &#x648;&#x62A;&#x637;&#x648;&#x631;&#x647;&#x627; &#x628;&#x645;&#x643;&#x629; &#x627;&#x644;&#x645;&#x643;&#x631;&#x645;&#x629;- &#x645;&#x62C;&#x644;&#x62F; 9. &#x627;&#x644;&#x645;&#x639;&#x62C;&#x645; &#x627;&#x644;&#x645;&#x641;&#x647;&#x631;&#x633; &#x644;&#x644;&#x645;&#x635;&#x637;&#x644;&#x62D;&#x627;&#x62A; &#x648;&#x627;&#x644;&#x645;&#x641;&#x631;&#x62F;&#x627;&#x62A; &#x648;&#x642;&#x627;&#x626;&#x645;&#x629; &#x627;&#x644;&#x645;&#x631;&#x627;&#x62C;&#x639; &#x644;&#x644;&#x645;&#x648;&#x633;&#x648;&#x639;&#x629;.</subfield>
  </datafield>
  <datafield tag="651" ind1=" " ind2="7">
    <subfield code="a">&#x645;&#x643;&#x629; &#x627;&#x644;&#x645;&#x643;&#x631;&#x645;&#x629;</subfield>
    <subfield code="x">&#x62D;&#x64A;&#x627;&#x629; &#x648;&#x639;&#x627;&#x62F;&#x627;&#x62A; &#x627;&#x62C;&#x62A;&#x645;&#x627;&#x639;&#x64A;&#x629;</subfield>
    <subfield code="y">&#x642;&#x631;&#x648;&#x646; 14-15 &#x647;&#x62C;&#x631;&#x64A;</subfield>
    <subfield code="v">&#x62F;&#x648;&#x627;&#x626;&#x631; &#x645;&#x639;&#x627;&#x631;&#x641;</subfield>
    <subfield code="2">aucsh</subfield>
  </datafield>
  <datafield tag="942" ind1=" " ind2=" ">
    <subfield code="2">ddc</subfield>
    <subfield code="c">BOOK</subfield>
    <subfield code="n">0</subfield>
  </datafield>
  <datafield tag="949" ind1=" " ind2=" ">
    <subfield code="a">SA-JeALM</subfield>
    <subfield code="d">250613</subfield>
    <subfield code="u">eid123</subfield>
    <subfield code="n">1</subfield>
  </datafield>
  <datafield tag="952" ind1=" " ind2=" ">
    <subfield code="0">0</subfield>
    <subfield code="1">0</subfield>
    <subfield code="2">ddc</subfield>
    <subfield code="3">&#x627;&#x644;&#x645;&#x62C;&#x644;&#x62F; &#x627;&#x644;&#x627;&#x648;&#x644;</subfield>
    <subfield code="4">0</subfield>
    <subfield code="7">0</subfield>
    <subfield code="a">WAHAB</subfield>
    <subfield code="b">WAHAB</subfield>
    <subfield code="d">2025-06-13</subfield>
    <subfield code="l">0</subfield>
    <subfield code="o">390.0095312103  &#x643; &#x62A; &#x628;</subfield>
    <subfield code="p">000014475</subfield>
    <subfield code="r">2025-06-13 13:22:21</subfield>
    <subfield code="w">2025-06-13</subfield>
    <subfield code="y">BOOK</subfield>
  </datafield>
  <datafield tag="952" ind1=" " ind2=" ">
    <subfield code="0">0</subfield>
    <subfield code="1">0</subfield>
    <subfield code="2">ddc</subfield>
    <subfield code="3">&#x627;&#x644;&#x645;&#x62C;&#x644;&#x62F; &#x627;&#x644;&#x62B;&#x627;&#x646;&#x64A;</subfield>
    <subfield code="4">0</subfield>
    <subfield code="7">0</subfield>
    <subfield code="a">WAHAB</subfield>
    <subfield code="b">WAHAB</subfield>
    <subfield code="d">2025-06-13</subfield>
    <subfield code="l">0</subfield>
    <subfield code="o">390.0095312103  &#x643; &#x62A; &#x628;</subfield>
    <subfield code="p">000014476</subfield>
    <subfield code="r">2025-06-13 13:22:21</subfield>
    <subfield code="w">2025-06-13</subfield>
    <subfield code="y">BOOK</subfield>
  </datafield>
  <datafield tag="952" ind1=" " ind2=" ">
    <subfield code="0">0</subfield>
    <subfield code="1">0</subfield>
    <subfield code="2">ddc</subfield>
    <subfield code="3">&#x627;&#x644;&#x645;&#x62C;&#x644;&#x62F; &#x627;&#x644;&#x62B;&#x627;&#x644;&#x62B;</subfield>
    <subfield code="4">0</subfield>
    <subfield code="7">0</subfield>
    <subfield code="a">WAHAB</subfield>
    <subfield code="b">WAHAB</subfield>
    <subfield code="d">2025-06-13</subfield>
    <subfield code="l">0</subfield>
    <subfield code="o">390.0095312103  &#x643; &#x62A; &#x628;</subfield>
    <subfield code="p">000014477</subfield>
    <subfield code="r">2025-06-13 13:22:21</subfield>
    <subfield code="w">2025-06-13</subfield>
    <subfield code="y">BOOK</subfield>
  </datafield>
  <datafield tag="952" ind1=" " ind2=" ">
    <subfield code="0">0</subfield>
    <subfield code="1">0</subfield>
    <subfield code="2">ddc</subfield>
    <subfield code="3">&#x627;&#x644;&#x645;&#x62C;&#x644;&#x62F; &#x627;&#x644;&#x631;&#x627;&#x628;&#x639;</subfield>
    <subfield code="4">0</subfield>
    <subfield code="7">0</subfield>
    <subfield code="a">WAHAB</subfield>
    <subfield code="b">WAHAB</subfield>
    <subfield code="d">2025-06-13</subfield>
    <subfield code="l">0</subfield>
    <subfield code="o">390.0095312103  &#x643; &#x62A; &#x628;</subfield>
    <subfield code="p">000014478</subfield>
    <subfield code="r">2025-06-13 13:22:21</subfield>
    <subfield code="w">2025-06-13</subfield>
    <subfield code="y">BOOK</subfield>
  </datafield>
  <datafield tag="952" ind1=" " ind2=" ">
    <subfield code="0">0</subfield>
    <subfield code="1">0</subfield>
    <subfield code="2">ddc</subfield>
    <subfield code="3">&#x627;&#x644;&#x645;&#x62C;&#x644;&#x62F; &#x627;&#x644;&#x62E;&#x627;&#x645;&#x633;</subfield>
    <subfield code="4">0</subfield>
    <subfield code="7">0</subfield>
    <subfield code="a">WAHAB</subfield>
    <subfield code="b">WAHAB</subfield>
    <subfield code="d">2025-06-13</subfield>
    <subfield code="l">0</subfield>
    <subfield code="o">390.0095312103  &#x643; &#x62A; &#x628;</subfield>
    <subfield code="p">000014479</subfield>
    <subfield code="r">2025-06-13 13:22:21</subfield>
    <subfield code="w">2025-06-13</subfield>
    <subfield code="y">BOOK</subfield>
  </datafield>
  <datafield tag="952" ind1=" " ind2=" ">
    <subfield code="0">0</subfield>
    <subfield code="1">0</subfield>
    <subfield code="2">ddc</subfield>
    <subfield code="3">&#x627;&#x644;&#x645;&#x62C;&#x644;&#x62F; &#x627;&#x644;&#x633;&#x627;&#x62F;&#x633;</subfield>
    <subfield code="4">0</subfield>
    <subfield code="7">0</subfield>
    <subfield code="a">WAHAB</subfield>
    <subfield code="b">WAHAB</subfield>
    <subfield code="d">2025-06-13</subfield>
    <subfield code="l">0</subfield>
    <subfield code="o">390.0095312103  &#x643; &#x62A; &#x628;</subfield>
    <subfield code="p">000014480</subfield>
    <subfield code="r">2025-06-13 13:22:21</subfield>
    <subfield code="w">2025-06-13</subfield>
    <subfield code="y">BOOK</subfield>
  </datafield>
  <datafield tag="952" ind1=" " ind2=" ">
    <subfield code="0">0</subfield>
    <subfield code="1">0</subfield>
    <subfield code="2">ddc</subfield>
    <subfield code="3">&#x627;&#x644;&#x645;&#x62C;&#x644;&#x62F; &#x627;&#x644;&#x633;&#x627;&#x628;&#x639;</subfield>
    <subfield code="4">0</subfield>
    <subfield code="7">0</subfield>
    <subfield code="a">WAHAB</subfield>
    <subfield code="b">WAHAB</subfield>
    <subfield code="d">2025-06-13</subfield>
    <subfield code="l">0</subfield>
    <subfield code="o">390.0095312103  &#x643; &#x62A; &#x628;</subfield>
    <subfield code="p">000014481</subfield>
    <subfield code="r">2025-06-13 13:22:21</subfield>
    <subfield code="w">2025-06-13</subfield>
    <subfield code="y">BOOK</subfield>
  </datafield>
  <datafield tag="952" ind1=" " ind2=" ">
    <subfield code="0">0</subfield>
    <subfield code="1">0</subfield>
    <subfield code="2">ddc</subfield>
    <subfield code="3">&#x627;&#x644;&#x645;&#x62C;&#x644;&#x62F; &#x627;&#x644;&#x62B;&#x627;&#x645;&#x646;</subfield>
    <subfield code="4">0</subfield>
    <subfield code="7">0</subfield>
    <subfield code="a">WAHAB</subfield>
    <subfield code="b">WAHAB</subfield>
    <subfield code="d">2025-06-13</subfield>
    <subfield code="l">0</subfield>
    <subfield code="o">390.0095312103  &#x643; &#x62A; &#x628;</subfield>
    <subfield code="p">000014482</subfield>
    <subfield code="r">2025-06-13 13:22:21</subfield>
    <subfield code="w">2025-06-13</subfield>
    <subfield code="y">BOOK</subfield>
  </datafield>
  <datafield tag="952" ind1=" " ind2=" ">
    <subfield code="0">0</subfield>
    <subfield code="1">0</subfield>
    <subfield code="2">ddc</subfield>
    <subfield code="3">&#x627;&#x644;&#x645;&#x62C;&#x644;&#x62F; &#x627;&#x644;&#x62A;&#x627;&#x633;&#x639;</subfield>
    <subfield code="4">0</subfield>
    <subfield code="7">0</subfield>
    <subfield code="a">WAHAB</subfield>
    <subfield code="b">WAHAB</subfield>
    <subfield code="d">2025-06-13</subfield>
    <subfield code="l">0</subfield>
    <subfield code="o">390.0095312103  &#x643; &#x62A; &#x628;</subfield>
    <subfield code="p">000014483</subfield>
    <subfield code="r">2025-06-13 13:22:21</subfield>
    <subfield code="w">2025-06-13</subfield>
    <subfield code="y">BOOK</subfield>
  </datafield>
  <datafield tag="999" ind1=" " ind2=" ">
    <subfield code="c">8889</subfield>
    <subfield code="d">8889</subfield>
  </datafield>
</record>
